002290000a220007300045001000017000002450059000173000046000767730033001221 aBray, Gerald10aThe promises made to Abraham and the destiny of Israel aVol. 2, Núm 2 (1993), Páginas 163-1730 tEuropean Journal of Theology